000
00295nam a22001217a 4500
008
160510b xxu||||| |||| 00| 0 eng d
020
_a
9780815119920
020
_a
0815119925
041
_a
eng
080
_a
61
245
_a
The medical interview:
_c
Steven A. Cole; Julian Bird;
942
_2
udc
_c
BK
999
_c
2008
_d
2008